00273nam a2200109Ia 4500008004100000041000800041082002100049100001800070245001200088260005400100300000900154230411s9999 xx 000 0 und d aeng aX/891/KAD/B01766 aKadwadkar V V aSarthak bMaharshi Karve Stree Shikshan SamsthaaPunec2004 a108p